000 00393pam a2200157a 44500
008 230515b1995 xxu||||| |||| 00| 0 eng d
020 _aNULL
041 _aENG
082 _a610.73
100 _aGUPTA L G & GUPTA S R
245 _aINTERPRENTATION OF COMMON INVESTIGATIONS 4TH ED
250 _a0
260 _aNULL
_b"JAYPEE BROTHERS, NEW DELHI,"
_c1995
300 _a289
650 _aN.D.
999 _c520813
_d520813